|
|
|
|
| LEADER |
00000cam a2200000 a 4500 |
| 001 |
vtls008391978 |
| 003 |
SK-MaSNL |
| 005 |
20260302052254.0 |
| 008 |
230403s1952 xo 000 0 slo |
| 015 |
|
|
|a SNBA19451955-009597
|
| 035 |
|
|
|a SK01SNKBKSFS20010084195
|
| 035 |
|
|
|a urn:nbn:sk:snk-am3ir9n
|
| 035 |
|
|
|a 572928C7-C248-4E1F-835A-988E9B874C7B
|
| 035 |
|
|
|a urn:nbn:sk:snk-am00feuv
|
| 035 |
|
|
|a SKM000086658
|
| 040 |
|
|
|a SNK
|b slo
|c SNK
|e AACR2
|
| 041 |
1 |
|
|a slo
|h rus
|
| 044 |
|
|
|a xo
|c SK
|
| 080 |
|
|
|a 331
|2 1981
|
| 245 |
0 |
0 |
|a Pracovný prínos
|c [z ruského originálu preložila Anna Hrušková]
|
| 260 |
|
|
|a Bratislava
|b Svet socializmu
|c 1952
|e Trnava
|f Západoslov. tlač.
|
| 300 |
|
|
|a 197, [3] s.
|c 8°
|
| 366 |
|
|
|e 3000 výtl.
|
| 490 |
1 |
|
|a Učme sa od SSSR
|v sv. 32
|
| 650 |
0 |
7 |
|a práca
|2 SNKPH
|9 2337
|
| 650 |
0 |
7 |
|a efektivita práce
|2 SNKPH
|9 708925
|
| 651 |
|
7 |
|a Sovietsky zväz
|2 SNKPHgeo
|9 22126
|
| 655 |
|
7 |
|a príručky
|2 SNKPH
|9 74364
|
| 700 |
1 |
|
|a Hrušková, Anna
|4 trl
|9 8400
|
| 830 |
|
0 |
|a Učme sa od SSSR
|9 308934
|
| 852 |
|
|
|a Slovenská národná knižnica
|
| 954 |
|
|
|a odborná, vedecká literatúra cudzojazyčná (svetová)
|2 lita
|
| 958 |
|
|
|a OND
|
| 958 |
|
|
|a RK
|
| 958 |
|
|
|a TL
|
| 958 |
|
|
|a EUIPO
|
| 999 |
|
|
|c 1104508
|d 1106438
|
| 952 |
|
|
|a SNK
|b SNK
|y VYP
|7 0
|p 17A0699571
|o snkSD 7328/32 D1
|i snkKSK 722/58
|8 3
|0 0
|1 0
|4 0
|d 2011-05-18
|l 0
|r 2026-02-24 17:41:46
|w 2026-02-24
|
| 952 |
|
|
|a SNK
|b SNK
|y VYP
|7 0
|p 17A0699960
|o snkSD 7328/32 D2
|i snkF 1533/64
|8 5
|0 0
|1 0
|4 0
|d 2011-05-18
|l 0
|r 2026-02-24 17:41:46
|w 2026-02-24
|
| 952 |
|
|
|a SNK
|b SNK
|y PREZ
|7 0
|p 17A0910869
|o snkSD 7328/32
|i snk5736/52
|0 0
|1 0
|4 0
|d 2020-06-29
|f 1
|l 0
|r 2025-11-17 00:00:00
|w 2026-02-24
|